<?xml version="1.0" encoding="UTF-8"?>
<record
    xmlns:xsi="http://www.w3.org/2001/XMLSchema-instance"
    xsi:schemaLocation="http://www.loc.gov/MARC21/slim http://www.loc.gov/standards/marcxml/schema/MARC21slim.xsd"
    xmlns="http://www.loc.gov/MARC21/slim">

  <leader>03444nam a2200565Ia 4500</leader>
  <controlfield tag="001">361</controlfield>
  <controlfield tag="008">241029s9999    xx            000 0 und d</controlfield>
  <datafield tag="010" ind1=" " ind2=" ">
    <subfield code="a">328</subfield>
  </datafield>
  <datafield tag="041" ind1=" " ind2=" ">
    <subfield code="a">Espa&#xF1;ol</subfield>
  </datafield>
  <datafield tag="082" ind1=" " ind2=" ">
    <subfield code="a">INTEC/CyH-0118</subfield>
  </datafield>
  <datafield tag="245" ind1=" " ind2="0">
    <subfield code="a">Comparaci&#xF3;n entre dos enfoques metodol&#xF3;gicos de ense&#xF1;anza de la lecto-escritura en el 1er. Ciclo del Nivel B&#xE1;sico de las Escuelas: Centro Educativo Didascalio Santa Mar&#xED;a de Altagracia y la Escuela B&#xE1;sica Rep&#xFA;blica de Honduras del Distrito 15-02, Santo Domingo, Distrito Nacional. A&#xF1;o 2010-201.1</subfield>
  </datafield>
  <datafield tag="260" ind1=" " ind2=" ">
    <subfield code="a">Distrito Nacional</subfield>
  </datafield>
  <datafield tag="300" ind1=" " ind2=" ">
    <subfield code="a">127</subfield>
  </datafield>
  <datafield tag="520" ind1=" " ind2=" ">
    <subfield code="a">12</subfield>
  </datafield>
  <datafield tag="630" ind1=" " ind2=" ">
    <subfield code="a">Capacitaci&#xF3;n Docente</subfield>
  </datafield>
  <datafield tag="630" ind1=" " ind2=" ">
    <subfield code="a">Competencia Ling&#xFC;&#xED;stica</subfield>
  </datafield>
  <datafield tag="630" ind1=" " ind2=" ">
    <subfield code="a">Educaci&#xF3;n Superior</subfield>
  </datafield>
  <datafield tag="630" ind1=" " ind2=" ">
    <subfield code="a">Ense&#xF1;anza-Aprendizaje</subfield>
  </datafield>
  <datafield tag="630" ind1=" " ind2=" ">
    <subfield code="a">Estrategia de Aprendizaje</subfield>
  </datafield>
  <datafield tag="650" ind1=" " ind2=" ">
    <subfield code="a">Calidad Educativa</subfield>
  </datafield>
  <datafield tag="690" ind1=" " ind2=" ">
    <subfield code="a">Elaborado</subfield>
  </datafield>
  <datafield tag="700" ind1=" " ind2=" ">
    <subfield code="e">asesor</subfield>
    <subfield code="a">Espinal, Olga</subfield>
  </datafield>
  <datafield tag="700" ind1=" " ind2=" ">
    <subfield code="e">autor</subfield>
    <subfield code="a">Hern&#xE1;ndez, Raymi P.</subfield>
  </datafield>
  <datafield tag="901" ind1=" " ind2=" ">
    <subfield code="a">{"1":"Hern&#xE1;ndez"}</subfield>
    <subfield code="b">{"1":"Raymi P."}</subfield>
  </datafield>
  <datafield tag="902" ind1=" " ind2=" ">
    <subfield code="a">1</subfield>
  </datafield>
  <datafield tag="903" ind1=" " ind2=" ">
    <subfield code="a">{"1":"Espinal"}</subfield>
    <subfield code="b">{"1":"Olga"}</subfield>
  </datafield>
  <datafield tag="904" ind1=" " ind2=" ">
    <subfield code="a">Maestr&#xED;a en</subfield>
  </datafield>
  <datafield tag="905" ind1=" " ind2=" ">
    <subfield code="a">Educaci&#xF3;n</subfield>
  </datafield>
  <datafield tag="906" ind1=" " ind2=" ">
    <subfield code="a">2</subfield>
  </datafield>
  <datafield tag="907" ind1=" " ind2=" ">
    <subfield code="a">NO APLICA</subfield>
  </datafield>
  <datafield tag="908" ind1=" " ind2=" ">
    <subfield code="a">NO APLICA</subfield>
  </datafield>
  <datafield tag="909" ind1=" " ind2=" ">
    <subfield code="a">Instituto Tecnol&#xF3;gico de Santo Domingo (INTEC)</subfield>
  </datafield>
  <datafield tag="910" ind1=" " ind2=" ">
    <subfield code="a">NULL</subfield>
    <subfield code="b">NULL</subfield>
  </datafield>
  <datafield tag="911" ind1=" " ind2=" ">
    <subfield code="a">["1"]</subfield>
  </datafield>
  <datafield tag="912" ind1=" " ind2=" ">
    <subfield code="a">NO APLICA</subfield>
  </datafield>
  <datafield tag="913" ind1=" " ind2=" ">
    <subfield code="a">NULL</subfield>
  </datafield>
  <datafield tag="914" ind1=" " ind2=" ">
    <subfield code="a">09 de Enero de 2012</subfield>
  </datafield>
  <datafield tag="915" ind1=" " ind2=" ">
    <subfield code="a">19/11/19 12:11</subfield>
  </datafield>
  <datafield tag="916" ind1=" " ind2=" ">
    <subfield code="a">NULL</subfield>
  </datafield>
  <datafield tag="917" ind1=" " ind2=" ">
    <subfield code="a">NULL</subfield>
  </datafield>
  <datafield tag="918" ind1=" " ind2=" ">
    <subfield code="a">NO APLICA</subfield>
  </datafield>
  <datafield tag="919" ind1=" " ind2=" ">
    <subfield code="a">["30","37","83","89","93"]</subfield>
  </datafield>
  <datafield tag="520" ind1=" " ind2=" ">
    <subfield code="a">El objetivo principal de este estudio consisti&#xF3; en determinar el dominio que poseen las maestras en la metodolog&#xED;a para la ense&#xF1;anza-aprendizaje&#xA0;de la lecto-escritura, que implementan a trav&#xE9;s de los proyectos del (CETT/CA-RD), y el Programa Nacional de Lectura Escritura y Matem&#xE1;ticas, en las Escuelas: Centro Educativo Didascalio Santa Mar&#xED;a de Altagracia y la Escuela B&#xE1;sica Rep&#xFA;blica de Honduras del Distrito 15-02.La metodolog&#xED;a aplicada fue de enfoque mixto (cualitativo-cuantitativo), de car&#xE1;cter interpretativo y descriptivo. Las t&#xE9;cnicas utilizadas fueron: revisi&#xF3;n bibliogr&#xE1;fica, recolecci&#xF3;n de datos, visitas, revisi&#xF3;n del Proyecto Educativo de Centro, entrevistas y pruebas. Las entrevistas y pruebas de ejecuci&#xF3;n fueron aplicadas a doce (12) maestras y ciento cincuenta y dos (152) discentes.&#xA0;&#xA0;El estudio concluye que los maestros/as de la Escuela (A), tiene mayor dominio de la metodolog&#xED;a de lecto-escritura utilizada en su Centro y conocen m&#xE1;s los fundamentos te&#xF3;ricos de la metodolog&#xED;a, que las maestras de la Escuela (B). La Escuela (A) toma en cuenta el medio en que se desenvuelven sus educando, utilizan recursos del medio y los intereses de los ni&#xF1;os/as. Se concluy&#xF3; que las maestros/as (CETT/CA-RD), tienen mayor dominio de la metodolog&#xED;a, en el &#xE1;rea de Lengua Espa&#xF1;ola que los de la otra Escuela.El estudio recomienda, la aplicaci&#xF3;n del programa propuesto por el CETT/CA-RD (Centro de Excelencia para la Capacitaci&#xF3;n de Maestros de Centro Am&#xE9;rica y Rep&#xFA;blica Dominicana), ya que es un aporte valioso y digno de mayor atenci&#xF3;n por parte de nuestras autoridades, debido a los resultados positivos obtenidos a trav&#xE9;s de su implementaci&#xF3;n. Adem&#xE1;s, es importante invertir m&#xE1;s tiempo en la capacitaci&#xF3;n de los docentes y su acompa&#xF1;amiento.</subfield>
  </datafield>
  <datafield tag="921" ind1=" " ind2=" ">
    <subfield code="a">16</subfield>
  </datafield>
  <datafield tag="922" ind1=" " ind2=" ">
    <subfield code="a">16</subfield>
  </datafield>
  <datafield tag="923" ind1=" " ind2=" ">
    <subfield code="a">0</subfield>
  </datafield>
  <datafield tag="924" ind1=" " ind2=" ">
    <subfield code="a">NO APLICA</subfield>
  </datafield>
  <datafield tag="942" ind1=" " ind2=" ">
    <subfield code="c">Tesis</subfield>
  </datafield>
  <datafield tag="999" ind1=" " ind2=" ">
    <subfield code="c">328</subfield>
    <subfield code="d">328</subfield>
  </datafield>
</record>
